000 00483nam a2200169 4500
001 131141
003 ES-MaACL
005 20230906193925.0
007 t|
008 070214s1901 fr r ||||1| fre d
100 1 _aRodenbach, Georges.
_998118
245 1 3 _aLe mirage
_b: drame en quatre actes /
_cGeorges Rodenbach.
250 _a3ª. ed.
260 _aParis :
_bSoc. d'Editions Littéraires et Artistiques,
_c1901.
300 _a168 p. ;
_c20 cm.
852 _aES-MaACL
_jF-9463
999 _c131141
_d131141